000 00337nam a2200133Ia 4500
005 20260328104321.0
008 260328s9999||||xx |||||||||||||| ||und||
100 _aBrooks Pfeiffer, Bruce
245 0 _aFrank Lloyd Wright /
_cBruce Brooks Pfeiffer
260 _bTaschen
300 _a175 p.
650 _aFRAN LLOYD WRIGHT
942 _cBK
999 _c11358
_d11358